| 000 | 00705nam a2200217 a 4500 | ||
|---|---|---|---|
| 001 | 000029555 | ||
| 005 | 20250716122212.0 | ||
| 008 | 110418s1973 dr d 000 0 spa d | ||
| 040 |
_aDO-SdBNP _bspa _cBNPHU |
||
| 082 |
_a570.15195 _bM524i |
||
| 100 | 1 |
_aMella, César _911674 |
|
| 245 | 1 | 0 |
_aIntroducción a la bioestadística / _cCésar Mella, Orlando Mejía, Modesto Tavarez. |
| 260 |
_aSanto Domingo : _bDLS, _c1973. |
||
| 300 |
_a163 p. : _bdiagrs. ; _c27 cm. |
||
| 504 | _aBibliografía : p. 163 | ||
| 590 | _aInventariado, 2020/BT | ||
| 650 | 0 |
_aEstadística vital _956390 |
|
| 700 | 1 | 2 |
_aMejía, Orlando _956391 |
| 700 | 1 | 2 |
_aTavárez, Modesto _956392 |
| 910 | _aValidado. Control de calidad MFF | ||
| 999 |
_c29047 _d29047 |
||